Η βιομηχανία του κινηματογράφου στην Ελλάδα : συγκριτική μελέτη των δεκαετιών 60 και 90 : πτυχιακή εργασία
Αποθηκεύτηκε σε:
| Κύριος συγγραφέας: | |
|---|---|
| Συγγραφή απο Οργανισμό/Αρχή: | |
| Άλλοι συγγραφείς: | |
| Μορφή: | Thesis Βιβλίο |
| Γλώσσα: | Greek |
| Δημοσίευση: |
Μυτιλήνη :
Πανεπιστήμιο Αιγαίου, Τμήμα Πολιτισμικής Τεχνολογίας και Επικοινωνίας,
2005
|
| Θέματα: | |
| Διαθέσιμο Online: | http://hdl.handle.net/11610/10589 |
| Ετικέτες: |
Προσθήκη ετικέτας
Δεν υπάρχουν, Καταχωρήστε ετικέτα πρώτοι!
|
MARC
| LEADER | 00000cam a2200000 i 4500 | ||
|---|---|---|---|
| 001 | 1/23959 | ||
| 008 | 060210s2005 gre d | ||
| 035 | |l 10082560 | ||
| 040 | |a GR-MY-UA |b gre |e aacr | ||
| 041 | 0 | |a gre | |
| 082 | 0 | |a 791.43 |2 (22) | |
| 100 | 1 | |a Γκιτάκου, Κωνσταντίνα. | |
| 245 | 1 | 2 | |a Η βιομηχανία του κινηματογράφου στην Ελλάδα : |b συγκριτική μελέτη των δεκαετιών 60 και 90 : πτυχιακή εργασία / |c Κωνσταντίνα Γκιτάκου ; υπεύθυνοι καθηγητές Μπαντιμαρούδης Φιλήμων, Στάθη Ειρήνη |
| 260 | |a Μυτιλήνη : |b Πανεπιστήμιο Αιγαίου, Τμήμα Πολιτισμικής Τεχνολογίας και Επικοινωνίας, |c 2005 | ||
| 300 | |a 91 σ.; |b πιν.; |c 30 εκ. | ||
| 502 | |a Πτυχιακή εργασία – Πανεπιστήμιο Αιγαίου, Λέσβος, 2005. | ||
| 504 | |a Βιβλιογραφία: 89-91 | ||
| 650 | 0 | 0 | |a Motion picture industry |z Greece. |
| 650 | 0 | 0 | |a Motion pictures |z Greece |x History. |
| 650 | 0 | 0 | |a Dissertations, Academic |z Greece. |
| 700 | 1 | |a Μπαντιμαρούδης, Φιλήμων. |4 ths | |
| 710 | 2 | |a Πανεπιστήμιο Αιγαίου. |b Σχολή Κοινωνικών Επιστημών. |b Τμήμα Πολιτισμικής Τεχνολογίας και Επικοινωνίας. | |
| 852 | |a INST |b LESVOS |c DIATR |e 20060210 |h 119 |p 005100034302 |q 005100034302 |t DIE |y 23 | ||
| 852 | |a INST |b LESVOS |c DIATR |e 20060227 |h 120 |p 005100035662 |q 005100035662 |t DIE |y 23 | ||
| 856 | |u http://hdl.handle.net/11610/10589 | ||
| 901 | |a BIBL1-2006-1 | ||
| 909 | |a Λ |b 125316 | ||
| 909 | |a Λ |b 125317 | ||
| 924 | |a ΓΚΙΤΑΚΟΥ |b ΚΩΝΣΤΑΝΤΙΝΑ |y ΛΕΣΒΟΣ |z 2005-11 | ||
| 970 | |a ΜΑΡΙΝΑΤΟΥ |b ΜΥΡΣΙΝΗ |z 2006/02/10 | ||